000 00755nam a2200289Ia 4500
008 170203s9999 xx 000 0 und d
020 _a8188370762
050 _a0 30
050 _bW119s
100 _aWade, Laura.
245 _aSea & sealife /
245 _cwritten by Laura Wade.
260 _aNew Delhi :
260 _bYoung Learner Publication.
300 _a32 pages :
300 _billustrations (some color) ;
300 _c29 cm.
300 _e1 CD-ROM.
440 _aKnowledge masters.
500 _aIncludes index; Internet linked--cover,
650 _aMarine animals --
650 _aMarine animals.
650 _aOcean --
650 _aOcean.
650 _xJuvenile literature.
650 _xJuvenile literature.
999 _c305611
_d305611